[Event "AUTO-INT-532"]
[Site "http://www.queenalice.com/game.php?id=240303"]
[Date "2007.7.15"]
[Round "1"]
[White "okajim"]
[Black "ray"]
[Result "1-0"]
[WhiteElo "1313"]
[BlackElo "1515"]

1. d4 c5 2. e3 cxd4 3. exd4 d5 4. Nf3 Nc6 5. c4 e6 6. b3 g6 7. Bb2 dxc4 8. bxc4
Bg7 9. Be2 Nge7 10. O-O O-O 11. Na3 Nf5 12. Nc2 Bd7 13. Rb1 Rb8 14. Re1 b6 15.
d5 exd5 16. cxd5 Bxb2 17. Rxb2 Na5 18. Nb4 Ne7 19. d6 Nec6 20. g3 Nxb4 21. Rxb4
Bh3 22. Bf1 Bg4 23. Rxg4 Rc8 24. a4 Rc6 25. Rd4 Nb7 26. Bb5 Rc5 27. d7 Na5 28.
Re8 Rxe8 29. dxe8=Q+ Qxe8 30. Bxe8 Kg7 31. Rf4 Nc4 32. Bxf7 Nb2 33. Qd4+ Kh6 34.
Qxb2 Ra5 35. Rh4+ Rh5 36. Qb4 Rxh4 37. gxh4 Kh5 38. Ne5 Kh6 39. Qe7 a6 40. f4
Kh5 41. Qg5# 1-0

[Event "AUTO-INT-532"]
[Site "http://www.queenalice.com/game.php?id=240304"]
[Date "2007.7.15"]
[Round "1"]
[White "ray"]
[Black "okajim"]
[Result "0-1"]
[WhiteElo "1689"]
[BlackElo "1338"]

1. c4 e5 2. Nc3 Nc6 3. g3 g6 4. Bg2 Na5 5. e3 d6 6. Nge2 Nxc4 7. b3 Na5 8. O-O
Bg4 9. f3 Bf5 10. g4 Be6 11. f4 exf4 12. Nxf4 g5 13. Nxe6 fxe6 14. b4 Nc6 15. b5
Na5 16. Qa4 b6 17. Bxa8 Qxa8 18. Qe4 Qc8 19. Nd5 Bg7 20. Rb1 Qb7 21. Qxe6+ Kd8
22. Bb2 c6 23. Bxg7 Qxg7 24. Qxd6+ Ke8 25. Nc7+ Qxc7 26. Qxc7 Nc4 27. Qf7+ Kd8
28. Qf8+ Kd7 29. Rf7+ Ke6 30. Qe8+ Kd5 31. Qe4+ Kxe4 32. Rbf1 cxb5 33. Rd1 Nh6
34. Re7+ Kd5 35. d3 Nb2 36. e4+ Kd6 37. Rxa7 Nxd1 38. Ra6 Rb8 39. d4 Nxg4 40. h3
Ngf2 41. a4 b4 42. a5 Kc6 43. d5+ Kc5 44. Rxb6 Rxb6 45. axb6 Kxb6 46. d6 Kc6 47.
e5 Nd3 48. d7 Kxd7 49. Kf1 Nxe5 50. Ke2 Nc3+ 51. Kd2 h5 52. Kc2 g4 53. hxg4 hxg4
54. Kc1 g3 55. Kc2 Nc6 56. Kb3 g2 57. Kc2 g1=Q 58. Kb3 Qg4 59. Kc2 Nd4+ 60. Kd3
Nde2 61. Kc2 Nd5 62. Kd3 b3 63. Kd2 Qf3 64. Ke1 b2 65. Kd1 b1=Q+ 66. Kd2 Qc3+
67. Kxe2 Qbe1# 0-1

[Event "AUTO-INT-532"]
[Site "http://www.queenalice.com/game.php?id=240305"]
[Date "2007.7.15"]
[Round "1"]
[White "okajim"]
[Black "benilux"]
[Result "0-1"]
[WhiteElo "1326"]
[BlackElo "1444"]

1. d4 d5 2. c4 dxc4 3. e4 b5 4. Nc3 Nd7 5. Nxb5 Ba6 6. Nc3 e5 7. Be3 exd4 8.
Bxd4 Bb4 9. Rc1 Ngf6 10. a3 Bxc3+ 11. Rxc3 Nxe4 12. Qe2 Nf6 13. Nf3 O-O 14. Qc2
Nxc3 15. Bxc3 Qe7+ 16. Be2 Nd5 17. Bd4 c3 18. Qd1 cxb2 19. O-O Bxe2 20. Qb3 Bxf1
21. Kxf1 Rab8 22. Qxb8 Rxb8 23. Bxb2 Rxb2 24. g3 Qe2+ 25. Kg1 Qxf2+ 0-1

[Event "AUTO-INT-532"]
[Site "http://www.queenalice.com/game.php?id=240306"]
[Date "2007.7.15"]
[Round "1"]
[White "benilux"]
[Black "okajim"]
[Result "1-0"]
[WhiteElo "1470"]
[BlackElo "1300"]

1. Nf3 d5 2. e3 c5 3. d4 b6 4. Bb5+ Bd7 5. Nc3 a6 6. Bxd7+ Nxd7 7. dxc5 bxc5 8.
Nxd5 e6 9. Nf4 Ngf6 10. O-O Be7 11. b3 O-O 12. a4 Qc8 13. Ba3 Rd8 14. Qe2 e5 15.
Nd3 a5 16. Ndxe5 Bd6 17. Nxd7 Qxd7 18. Rad1 Qc7 19. e4 Re8 20. Bb2 Qe7 21. e5
Bc7 22. Rfe1 Ng4 23. Rd5 Rad8 24. c4 f6 25. Rxd8 Qxd8 26. e6 Be5 27. Nxe5 Rxe6
28. Qxg4 Qd6 29. f4 fxe5 30. Rxe5 Rg6 31. Qc8+ Kf7 32. Qe8+ Kf6 33. Re6+ Kf5 34.
Rxd6 Rxd6 35. Qe5+ Kg4 36. Qxd6 Kf5 37. Qe5+ 1-0

[Event "Invitation"]
[Site "http://www.queenalice.com/game.php?id=243970"]
[Date "2007.7.22"]
[Round "-"]
[White "okajim"]
[Black "Dadcol"]
[Result "0-1"]
[WhiteElo "1313"]
[BlackElo "1734"]

1. e4 e6 2. d4 d5 3. Nc3 Bb4 4. e5 c5 5. a3 Bxc3+ 6. bxc3 Ne7 7. Nf3 Nf5 8. Bd3
Nd7 9. O-O Nf8 10. dxc5 Ng6 11. Qe1 a6 12. Qe2 Qa5 13. Bd2 Qxc5 14. c4 Nd4 15.
Qe3 Nxf3+ 16. Qxf3 Nxe5 17. Qg3 Ng6 18. Rfe1 dxc4 19. Be4 O-O 20. Bb4 Qb6 21.
Bxf8 Kxf8 22. Rab1 Qa5 23. Qh3 Rb8 24. Qxh7 Qxa3 25. Rbd1 Qc3 26. Rd8+ Ke7 27.
Rf1 Kxd8 28. Qg8+ Ke7 29. g3 b5 30. Rd1 Nf8 31. Qh8 Bb7 32. Bh7 Qf3 33. Kf1
Qxd1# 0-1

[Event "AUTO-OPEN-846"]
[Site "http://www.queenalice.com/game.php?id=278446"]
[Date "2007.9.28"]
[Round "1"]
[White "okajim"]
[Black "Uelinton"]
[Result "0-1"]
[WhiteElo "1433"]
[BlackElo "1639"]

1. e4 e5 2. Nf3 Nc6 3. Bc4 Nf6 4. Ng5 d5 5. exd5 Nxd5 6. Nxf7 Kxf7 7. Nc3 Be6 8.
Qh5+ g6 9. Qf3+ Ke8 10. Bxd5 Bxd5 11. Nxd5 Nb4 12. Nxb4 Bxb4 13. Qe4 Bd6 14. c3
Qg5 15. d4 Qf6 16. f4 Bf8 17. dxe5 Qb6 18. Be3 Qxb2 19. Qxb7 Qxb7 20. O-O Rg8
21. Rab1 Qe4 22. Bd4 Bh6 23. Rbe1 Qc2 24. Rf2 Qd3 25. Rf3 Qd2 26. Ra1 Rf8 27.
Rf2 Qd3 28. Rf3 Qe4 29. g3 Qxf3 30. Rf1 Qe2 31. Rf2 Qe1+ 32. Rf1 Qe2 33. Rf2 Qd3
34. Kg2 g5 35. Rf3 Qa6 36. Rf2 Rg8 37. Re2 Qxe2+ 0-1

[Event "AUTO-OPEN-846"]
[Site "http://www.queenalice.com/game.php?id=278447"]
[Date "2007.9.28"]
[Round "1"]
[White "Uelinton"]
[Black "okajim"]
[Result "0-1"]
[WhiteElo "1646"]
[BlackElo "1425"]

1. e4 e5 2. g4 Nf6 3. Bg2 d5 4. exd5 Nxd5 5. d4 Nc6 6. Nf3 Bxg4 7. c4 Bb4+ 8.
Bd2 a5 9. Bxb4 Ndxb4 10. O-O exd4 11. Re1+ Ne7 12. Qxd4 Qxd4 13. Nxd4 Nc6 14.
Nxc6 Be6 15. Nxe7 Kxe7 16. Bxb7 Rab8 17. Bd5 Rxb2 18. Nc3 c5 19. Na4 Rc8 20. Bb7
Rxb7 21. Re5 Kd6 22. f4 Bxc4 23. Rc1 Rb4 24. Rd1+ Kc6 25. Nxc5 Bxa2 26. Rc1 Rc4
27. Rxc4 Bxc4 28. Ne4 Kb6 29. Nd6 Rc6 30. Nxc4+ Rxc4 31. f5 a4 32. Re7 a3 33.
Re2 f6 34. Kf1 Kb5 35. Ke1 Rc5 36. Kd1 Rxf5 37. Kc1 Rf1+ 38. Kc2 a2 39. Kb3 a1=Q
40. Ra2 Qd1+ 41. Ka3 Qd3+ 42. Kb2 Rf2+ 43. Ka1 Qd1# 0-1

[Event "AUTO-OPEN-846"]
[Site "http://www.queenalice.com/game.php?id=278448"]
[Date "2007.9.28"]
[Round "1"]
[White "okajim"]
[Black "silverado"]
[Result "0-1"]
[WhiteElo "1399"]
[BlackElo "1716"]

1. e4 e5 2. Nf3 Nc6 3. Nc3 Bc5 4. d3 Nf6 5. Be3 Bb4 6. a3 Bxc3+ 7. bxc3 Ng4 8.
c4 Qf6 9. h3 Nxe3 10. fxe3 d6 11. d4 O-O 12. Bd3 exd4 13. Qc1 Be6 14. Rb1 b6 15.
O-O Qg6 16. exd4 Bxh3 17. Qg5 Bg4 18. e5 Qxg5 19. Nxg5 Nxd4 20. Rf4 Ne2+ 21.
Bxe2 Bxe2 22. g4 dxe5 23. Re4 f6 24. Rxe2 fxg5 25. Rxe5 h6 26. c5 Rf4 27. Rb4
Rxb4 28. axb4 bxc5 29. Rxc5 Rd8 30. Kg2 Rd7 31. c4 a6 32. Rc6 Rd4 33. Rxc7 Rxg4+
34. Kf3 Rf4+ 35. Kg3 Rd4 36. Rc6 h5 37. Rxa6 h4+ 38. Kh3 Rxc4 39. b5 Rb4 40. Rb6
Kh7 41. Rb8 Kg6 42. b6 Kf5 43. Kg2 g4 44. b7 Kg5 45. Rd8 Rxb7 46. Rd5+ Kf6 47.
Rd6+ Ke5 48. Rg6 h3+ 49. Kg3 Rb4 50. Rxg7 Kf5 51. Rf7+ Kg6 52. Rd7 Re4 53. Rd6+
Kf5 54. Rd2 Re3+ 55. Kh4 Kf4 56. Rf2+ Rf3 57. Rb2 Re3 58. Rb4+ Re4 59. Rb3 h2
60. Rb1 Re7 61. Rf1+ Ke3 62. Kxg4 Rh7 63. Kg3 h1=Q 64. Rxh1 Rxh1 65. Kg4 Rf1 66.
Kg3 Rf8 67. Kg4 Rf1 68. Kg3 Rg1+ 69. Kh4 Kf3 70. Kh5 Kf4 71. Kh6 Kf5 0-1

[Event "AUTO-OPEN-846"]
[Site "http://www.queenalice.com/game.php?id=278449"]
[Date "2007.9.28"]
[Round "1"]
[White "silverado"]
[Black "okajim"]
[Result "1-0"]
[WhiteElo "1610"]
[BlackElo "1345"]

1. e4 e5 2. d4 exd4 3. Qxd4 Nc6 4. Qd2 Bb4 5. c3 Ba5 6. b4 Bb6 7. c4 Bd4 8. Bb2
Qf6 9. Bxd4 Nxd4 10. Nc3 c6 11. f3 g5 12. b5 Ne7 13. O-O-O a6 14. Qxd4 Qxd4 15.
Rxd4 a5 16. bxc6 Nxc6 17. Rd5 h6 18. Nb5 Nb4 19. Nc7+ Kd8 20. Nxa8 Nxd5 21. cxd5
d6 22. Bb5 Bd7 23. a4 Ke7 24. Bxd7 Kxd7 25. Nb6+ Kc7 26. Nc4 Rb8 27. Nxa5 b5 28.
axb5 Rxb5 29. Nc6 f6 30. Ne2 Rc5+ 31. Kd2 Rb5 32. Rc1 Rb2+ 33. Kd3 Kd7 34. Ra1
Rb3+ 35. Nc3 Kc7 36. Ra7+ Kb6 37. Kc4 Ra3 38. Rxa3 Kc7 39. Nb5+ Kd7 40. Ra7+ Ke8
41. Nc7+ Kf7 42. Ne6+ Kg8 43. Rg7+ Kh8 44. Ne7 h5 45. Ng6# 1-0

[Event "AUTO-OPEN-846"]
[Site "http://www.queenalice.com/game.php?id=278450"]
[Date "2007.9.28"]
[Round "1"]
[White "okajim"]
[Black "filipe5b"]
[Result "1-0"]
[WhiteElo "1374"]
[BlackElo "1531"]

1. e4 e5 2. Bc4 Bc5 3. d3 Qf6 4. Nh3 d6 5. Be3 Bxh3 6. gxh3 Bxe3 7. fxe3 Nh6 8.
Nd2 O-O 9. Rf1 Qh4+ 10. Rf2 Nc6 11. Qf3 Qe7 12. O-O-O a6 13. Rg1 Kh8 14. Qg3 Qd8
15. Qxg7# 1-0

[Event "AUTO-OPEN-846"]
[Site "http://www.queenalice.com/game.php?id=278451"]
[Date "2007.9.28"]
[Round "1"]
[White "filipe5b"]
[Black "okajim"]
[Result "0-1"]
[WhiteElo "1399"]
[BlackElo "1396"]

1. e4 c5 2. Bc4 d6 3. Qf3 e6 4. Nh3 d5 5. exd5 e5 6. d6 Be6 7. Bxe6 fxe6 8. Qxb7
Nd7 9. O-O Bxd6 10. Nc3 Qb8 11. Qa6 Qb6 12. Qa4 Bb8 13. Ng5 Qd6 14. Nb5 Qe7 0-1

[Event "Challenge"]
[Site "http://www.queenalice.com/game.php?id=280103"]
[Date "2007.10.2"]
[Round "-"]
[White "okajim"]
[Black "Dadcol"]
[Result "0-1"]
[WhiteElo "1396"]
[BlackElo "1818"]

1. e4 e6 2. d4 d5 3. e5 c5 4. Qg4 Ne7 5. dxc5 Ng6 6. Nf3 Bxc5 7. Be3 b6 8. Bd3
Bxe3 9. fxe3 O-O 10. Qh5 Nd7 11. Ng5 h6 12. Bxg6 Qxg5 13. Qxg5 hxg5 14. Bh5 Nxe5
15. Nc3 Nc4 16. g3 Nxe3 17. Nd1 Nxc2+ 18. Kd2 Nxa1 19. Nf2 Nb3+ 20. axb3 f5 21.
Rf1 g4 22. b4 Kh7 23. h3 g6 24. hxg4 gxh5 25. gxh5 f4 26. g4 e5 27. Re1 e4 28.
Nd1 Bxg4 29. Nc3 Rad8 30. Rf1 f3 31. Nd1 d4 32. Nf2 e3+ 33. Ke1 Bxh5 34. Ne4 f2+
35. Nxf2 Rxf2 36. Rxf2 exf2+ 37. Kxf2 d3 38. Ke1 d2+ 39. Kf2 d1=Q 40. Ke3 Qb3+
41. Kf4 Qxb4+ 42. Kg5 Bg6 0-1

[Event "AUTO-INT-669"]
[Site "http://www.queenalice.com/game.php?id=296042"]
[Date "2007.10.31"]
[Round "1"]
[White "QueenMalice"]
[Black "okajim"]
[Result "1-0"]
[WhiteElo "1566"]
[BlackElo "1411"]

1. e4 c5 2. Nf3 d6 3. Bb5+ Bd7 4. Bxd7+ Nxd7 5. O-O Ngf6 6. Qe2 e6 7. Nc3 h5 8.
d3 g6 9. Be3 Qb6 10. b3 Qb4 11. Bd2 Bh6 12. Nb1 Qb5 13. c4 Qb6 14. Bc3 Ng4 15.
Bxh8 e5 16. Re1 O-O-O 17. Nxe5 dxe5 18. Qf3 Qa5 19. Re2 Rf8 20. Bxe5 Ndxe5 21.
Qg3 Qd8 22. h3 h4 23. Qxe5 Nxe5 24. Nc3 1-0

[Event "AUTO-INT-669"]
[Site "http://www.queenalice.com/game.php?id=296043"]
[Date "2007.10.31"]
[Round "1"]
[White "okajim"]
[Black "QueenMalice"]
[Result "0-1"]
[WhiteElo "1422"]
[BlackElo "1555"]

1. d4 d5 2. Nf3 Bg4 3. Bg5 f6 4. Bh4 g5 5. Bg3 Nc6 6. e3 a6 7. h3 Bf5 8. Bd3 Bc8
9. O-O e5 10. Qe2 e4 11. Bxe4 dxe4 12. Nfd2 Bf5 13. Qc4 Nh6 14. d5 Ne7 15. f3 c6
16. Qb4 b5 17. Nc3 Nc8 18. fxe4 Bxb4 19. exf5 Bc5 20. Nde4 Bxe3+ 21. Bf2 Nxf5
22. Bxe3 Nxe3 23. Nxf6+ Ke7 24. Rae1 Qb6 25. Nd1 cxd5 26. Nxe3 Kd6 27. Nxd5 Qb7
28. Rf6+ Ke5 29. Nf5+ Kxd5 30. Ne3+ Ke5 31. Ng4+ Kd5 0-1

[Event "AUTO-INT-669"]
[Site "http://www.queenalice.com/game.php?id=296054"]
[Date "2007.10.31"]
[Round "1"]
[White "thiagosg666"]
[Black "okajim"]
[Result "0-1"]
[WhiteElo "1408"]
[BlackElo "1450"]

1. e4 c5 2. d4 cxd4 3. Qxd4 Nc6 4. Qc5 e6 5. Qc4 d5 6. exd5 exd5 7. Qb5 Bb4+ 8.
c3 a6 9. Qd3 Ba5 10. b4 Bb6 11. Nf3 d4 12. cxd4 Nxd4 13. Bg5 f6 14. Nxd4 Bxd4
15. Be2 Bxa1 16. Qc2 fxg5 17. O-O Qf6 18. Rd1 Bf5 19. Bd3 Bxd3 20. Rxd3 Qb2 21.
Rd2 Qxc2 22. Rxc2 Rd8 23. Rc1 Kf8 24. Na3 Bb2 25. Nc4 Bxc1 26. Na5 Rd1# 0-1

[Event "AUTO-INT-669"]
[Site "http://www.queenalice.com/game.php?id=296055"]
[Date "2007.10.31"]
[Round "1"]
[White "okajim"]
[Black "thiagosg666"]
[Result "1-0"]
[WhiteElo "1498"]
[BlackElo "1442"]

1. d4 d5 2. c4 Nf6 3. Na3 e6 4. Bg5 dxc4 5. Nxc4 h6 6. Bh4 c6 7. e3 g5 8. Bg3 b5
9. Bxb8 Rxb8 10. Ne5 Qd6 11. Qc1 Be7 12. Nxc6 Rb6 13. Nxa7 O-O 14. Nxc8 Qd8 15.
Nxb6 Qxb6 16. Bd3 Bb4+ 17. Kf1 Qa5 18. Nf3 Nd5 19. a3 Bd2 20. Qxd2 b4 21. a4 Qb6
22. a5 Qc7 23. Ne5 f6 24. e4 Nf4 25. Nc4 e5 26. dxe5 fxe5 27. Nxe5 h5 28. Bc4+
Kg7 29. Qd7+ Qxd7 30. Nxd7 Rd8 31. Bb5 h4 32. a6 Kg6 33. Rd1 h3 34. g3 Rc8 35.
gxf4 Rc5 36. Nxc5 1-0

[Event "AUTO-INT-669"]
[Site "http://www.queenalice.com/game.php?id=296062"]
[Date "2007.10.31"]
[Round "1"]
[White "okajim"]
[Black "kanibal"]
[Result "1-0"]
[WhiteElo "1464"]
[BlackElo "1592"]

1. d4 d5 2. c4 dxc4 3. e4 e5 4. Nf3 exd4 5. Bxc4 Nc6 6. O-O Qe7 7. Nxd4 Nxd4 8.
Qxd4 Be6 9. Bb5+ c6 10. Ba4 Rd8 11. Qc3 Nf6 12. e5 Nd5 13. Qd4 Nb6 14. Qe4 Bd5
15. Qf4 Nxa4 16. Qxa4 a6 17. Bf4 b5 18. Qxa6 Qc5 19. a3 Qc4 20. Nd2 Qd3 21. Bg5
Be7 22. Be3 O-O 23. Rad1 Qg6 24. f3 Bc4 25. Nxc4 bxc4 26. Qxc4 Kh8 27. Rxd8 Bxd8
28. Bc5 Rg8 29. f4 f6 30. e6 Qe8 31. Re1 Be7 32. Bxe7 Qxe7 33. Qxc6 h6 34. a4
Re8 35. a5 Qa7+ 36. Qb6 Kh7 37. Qxa7 Kg6 38. Qf7+ Kf5 39. Qxe8 Kxf4 40. e7 g5
41. Qh5 g4 42. Qxh6+ Kf5 43. e8=Q g3 44. hxg3 Kg4 45. Qe4+ Kxg3 46. Qh3# 1-0

[Event "AUTO-INT-669"]
[Site "http://www.queenalice.com/game.php?id=296063"]
[Date "2007.10.31"]
[Round "1"]
[White "kanibal"]
[Black "okajim"]
[Result "1-0"]
[WhiteElo "1579"]
[BlackElo "1481"]

1. e4 c5 2. e5 d5 3. d4 c4 4. b3 Qa5+ 5. Bd2 Qb6 6. bxc4 Qxd4 7. Nc3 Qxe5+ 8.
Be2 d4 9. Nf3 Qc5 10. Ne4 Qf5 11. Bd3 Qg4 12. Rg1 e5 13. h3 Qe6 14. Neg5 Qe7 15.
c3 h6 16. Ne4 Nc6 17. c5 a6 18. Nd6+ Kd8 19. cxd4 Nxd4 20. Nxd4 exd4+ 21. Be2
Qe6 22. Kf1 Qe5 23. Nxf7+ Kc7 24. Nxe5 Bxc5 25. Bf4 Rh7 26. Nf7+ Kb6 27. Qb3+
Ka7 28. Bf3 g5 29. Bd6 Rxf7 30. Qxf7 Bxd6 31. Qxg8 Bd7 32. Qg7 Bb5+ 33. Be2
Bxe2+ 34. Kxe2 Re8+ 35. Kd3 Be5 36. Qxh6 Rc8 37. Rac1 Rc3+ 38. Rxc3 dxc3 39.
Qxg5 Bh8 40. Rc1 b5 41. Rxc3 Bxc3 42. Kxc3 Kb6 43. h4 a5 44. Qe3+ Kc6 45. h5 b4+
46. Kb3 Kb5 47. a4+ bxa3 48. Kxa3 a4 49. h6 Ka5 50. h7 Kb5 51. h8=Q 1-0

[Event "AUTO-BEG-119"]
[Site "http://www.queenalice.com/game.php?id=310928"]
[Date "2007.11.27"]
[Round "2"]
[White "adilson_camargo"]
[Black "okajim"]
[Result "1-0"]
[WhiteElo "1893"]
[BlackElo "1485"]

1. d4 Nc6 2. c4 d5 3. Nc3 dxc4 4. d5 Na5 5. Qa4+ Bd7 6. Qxa5 c6 7. Qxd8+ Rxd8 8.
e4 cxd5 9. Nxd5 Nf6 10. Nxf6+ exf6 11. a3 Rc8 12. Nf3 Bd6 13. Be3 b6 14. Rc1 Be6
15. Nd4 Be5 16. Nxe6 fxe6 17. Rxc4 Rd8 18. Be2 Bxb2 19. O-O Bxa3 20. Ra4 Bd6 21.
Rxa7 g5 22. Bxb6 O-O 23. Bxd8 Rxd8 24. Rd1 Kf8 25. Kh1 1-0

[Event "AUTO-BEG-119"]
[Site "http://www.queenalice.com/game.php?id=310929"]
[Date "2007.11.27"]
[Round "2"]
[White "okajim"]
[Black "adilson_camargo"]
[Result "0-1"]
[WhiteElo "1483"]
[BlackElo "1895"]

1. e4 e5 2. Nf3 d6 3. d4 exd4 4. Qxd4 Nc6 5. Qc4 Be6 6. Qa4 Be7 7. Bd3 Nf6 8.
O-O O-O 9. Qb5 Rb8 10. Bg5 a6 11. Qa4 h6 12. Be3 Ng4 13. c4 Nxe3 14. fxe3 Ne5
15. Ne1 c5 16. Nc2 Nxd3 17. Qb3 Ne5 18. Nd2 b5 19. Qa3 Nxc4 20. Nxc4 Bxc4 21.
Rf3 b4 22. Qa4 Bb5 0-1

[Event "Challenge"]
[Site "http://www.queenalice.com/game.php?id=323230"]
[Date "2007.12.20"]
[Round "-"]
[White "wagner"]
[Black "okajim"]
[Result "0-1"]
[WhiteElo "1180"]
[BlackElo "1469"]

1. e3 e5 2. Nh3 d5 3. f4 e4 4. Ng5 c6 5. Qh5 Nh6 6. g4 Bxg4 7. Qh4 Be7 8. Be2
Bxe2 9. Kxe2 O-O 10. Rg1 d4 11. Qh3 d3+ 12. cxd3 Qxd3+ 13. Kf2 Qd5 0-1